01443nam a2200349Ia 4500001001200000003000800012006001900020007001500039008004100054020001800095020001500113040002100128035002100149050002600170100001800196245009000214260005300304300002500357490004600382504005100428533015200479650006200631650005500693650002900748650004800777650005900825655002900884710001700913830002000930856012600950999001701076ebr10371915CaPaEBRm u cr cn|||||||||090430r20092007miua sb 001 0 eng d z9780472033812 z0472033816 aCaPaEBRcCaPaEBR a(OCoLC)64788894514aHV1559.G3bP66 2009eb1 aPoore, Carol.10aDisability in Twentieth-century German cultureh[electronic resource] /cCArol Poore. aAnn Arbor :bUniv of Michigan Pr.,c2009, c2007. axxii, 407 p. :bill.1 aCorporealities : discourses of disability aIncludes bibliographical references and index. aElectronic reproduction.bPalo Alto, Calif. :cebrary,d2010.nAvailable via World Wide Web.nAccess may be limited to ebrary affiliated libraries. 0aPeople with disabilitieszGermanyxHistoryy20th century. 0aPeople with disabilitieszGermanyxPublic opinion. 0aPublic opinionzGermany. 0aPeople with disabilitiesxNazi persecution. 0aPeople with disabilitieszUnited StatesvCase studies. 7aElectronic books.2local2 aebrary, Inc. 0aCorporealities.40uhttp://site.ebrary.com/lib/rucke/Doc?id=10371915zAn electronic book accessible through the World Wide Web; click to view c98125d98125